000 nam a22 7a 4500
999 _c52600
_d52600
003 OSt
005 20220625122900.0
008 220625b xxu||||| |||| 00| 0 eng d
040 _cIIMT UNIVERSITY
100 _aKAUL, ASHA
245 _aEFFECTIVE BUSINESS COMMUNICATION
260 _aDELHI
_bP. H.I.
_c2009
300 _a172
942 _2ddc
_c02